Discursos leídos ante la Academia de la Historia, (Record no. 170741)
[ view plain ]
| 000 -LEADER | |
|---|---|
| campo de control de longitud fija | 01298nam a2200169 i 4500 |
| 001 - NÚMERO DE CONTROL | |
| campo de control | 170741 |
| 003 - IDENTIFICADOR DE NÚMERO DE CONTROL | |
| campo de control | ES-MaACL |
| 005 - FECHA Y HORA DE LA ÚLTIMA TRANSACCIÓN | |
| campo de control | 20230906214440.0 |
| 008 - DATOS DE LONGITUD FIJA--INFORMACIÓN GENERAL | |
| campo de control de longitud fija | 090402s18791884sp |||| | spa d |
| 080 ## - NÚMERO DE LA CLASIFICACIÓN DECIMAL UNIVERSAL | |
| Número de la Clasificación Decimal Universal | 94(460) |
| 110 2# - ENTRADA PRINCIPAL--NOMBRE DE ENTIDAD CORPORATIVA | |
| Nombre de entidad corporativa o nombre de jurisdicción como elemento de entrada | Real Academia de la Historia (España) |
| 9 (RLIN) | 6309 |
| 245 10 - MENCIÓN DEL TÍTULO | |
| Título | Discursos leídos ante la Academia de la Historia, |
| Fechas extremas/inclusivas | 1879-1884 / |
| Mención de responsabilidad, etc. | Real Academia de la Historia. |
| 260 ## - PUBLICACIÓN, DISTRIBUCIÓN, ETC. | |
| Lugar de publicación, distribución, etc. | Madrid : |
| Nombre del editor, distribuidor, etc. | [s.n.], |
| Fecha de publicación, distribución, etc. | 1879 ( |
| Fabricante | Imp. de los Señores Rojas) |
| 300 ## - DESCRIPCIÓN FÍSICA | |
| Extensión | 1 v. ; |
| Dimensiones | 27 cm. |
| 505 8# - NOTA DE CONTENIDO CON FORMATO | |
| Nota de contenido con formato | Contiene: Dominación arábiga en la frontera superior desde el año 711 al 813 / Francisco Codera y Zaidín (77 p.). Contestación / Vicente Lafuente (p. 78-95). Discurso dedicado a la buena memoria de D. José Amador de los Ríos / Juan de Dios de la Rada y delgado (28 p.). Elogio de Don Mariano Álvarez de Castro / José Gómez de Arteche y Moro (154 p. + 1 map. pleg.). Mateo de Laya / Cesáreo Fernández Duro (62 p.). Contestación / F. Javier de Salas (p. 63-98). Estética de la historia / Marcelino Menéndez y Pelayo (40p.). Contestación / Aureliano Fernández Guerra (p. 41-59). La nación y la realeza en los estados de la Corona de Aragón / Bienvenido Oliver y Esteller (125 p.). Contestación / Pedro de Madrazo (p. 126-156). |
| 852 ## - LOCALIZACIÓN | |
| Ubicación | ES-MaACL |
| Número de control de estantería | K-122 |
| Nota libre | - Enc. pasta española |
| Estatus retirado | Estado de pérdida | Estado de daño | No para préstamo | Colección | Biblioteca de origen | Biblioteca actual | Ubicación en estantería | Fecha de adquisición | Total de préstamos | Signatura topográfica completa | Código de barras | Visto por última vez | Precio de reemplazo | Tipo de ítem Koha |
|---|---|---|---|---|---|---|---|---|---|---|---|---|---|---|
| Libros del s. XIX | Biblioteca del Ateneo de Madrid | Biblioteca del Ateneo de Madrid | Administración | 02/04/2009 | K-122 | 1179188 | 23/02/2023 | 23/02/2023 | Libro impreso antiguo |
